[Event "Francophonie-ch 7th"]
[Site "Paris"]
[Date "2019.08.07"]
[Round "4"]
[White "Okhotnik, Vladimir"]
[Black "Haie, Arnaud"]
[Result "1-0"]
[WhiteElo "2363"]
[BlackElo "2130"]
[PlyCount "139"]
[EventDate "2019.08.04"]
[EventType "swiss"]
[EventRounds "9"]
[EventCountry "FRA"]
[SourceTitle "CBM 191 Extra"]
[Source "ChessBase"]
[SourceDate "2019.09.30"]
[SourceVersion "1"]
[SourceVersionDate "2019.09.30"]
[SourceQuality "1"]

1. e4 c5 2. Nf3 e6 3. c3 Nf6 4. e5 Nd5 5. g3 Nc6 6. Bg2 d6 7. exd6 Bxd6 8. d4 0-0 9. 0-0 Bd7 10. dxc5 Bxc5 11. Nbd2 Qc7 12. Ne4 Be7 13. c4 Nf6 14. Bf4 Qd8 15. Qe2 Qb6 16. Rfd1 Rfd8 17. Nd6 Be8 18. Nxe8 Nxe8 19. b3 Bc5 20. Bg5 Rd6 21. Rxd6 Nxd6 22. Rd1 Nf5 23. g4 Nfe7 24. Bh4 Ng6 25. Bg3 Rd8 26. h4 h6 27. h5 Nf8 28. Rxd8 Qxd8 29. Ne5 Nd4 30. Qe4 b6 31. Kh2 f5 32. Qb7 Qf6 33. Nd3 fxg4 34. b4 Be7 35. Qxa7 Qf7 36. Nf4 Bxb4 37. Qxb6 Bc3 38. Qd8 Qf5 39. Qa8 Bd2 40. Be4 Qf6 41. Ng6 Bb4 42. Qb8 Bc5 43. Qc7 Qg5 44. Qe5 Nd7 45. Qxg5 hxg5 46. Ne5 Nf6 47. Bg6 Bd6 48. Nd3 e5 49. Kg2 Nf3 50. a4 Bc7 51. Bf5 e4 52. Bxc7 exd3 53. Kf1 d2 54. Bc2 Nd4 55. Bd1 Ne4 56. Bb6 Nc6 57. Ke2 Ne5 58. Bb3 Nf3 59. Kd3 Nf6 60. a5 Nd7 61. c5+ Kf8 62. a6 Nde5+ 63. Ke4 Nc6 64. a7 Nxa7 65. Bxa7 Ke7 66. Kd5 Kd7 67. c6+ Kc7 68. Bc5 Nh4 69. Bd6+ Kc8 70. Kc5 1-0

[Event "FRA-ch op-A"]
[Site "Chartres"]
[Date "2019.??.??"]
[Round "8"]
[White "Mahieu, Luc"]
[Black "Haie, Arnaud"]
[Result "0-1"]
[WhiteElo "1968"]
[BlackElo "2116"]
[PlyCount "112"]
[EventDate "2019.08.17"]
[EventType "swiss"]
[EventRounds "9"]
[EventCountry "FRA"]
[SourceTitle "EXT 2020"]
[Source "ChessBase"]
[SourceDate "2019.10.17"]
[SourceVersion "1"]
[SourceVersionDate "2019.10.17"]
[SourceQuality "1"]

1. e4 c5 2. Nf3 e6 3. d4 cxd4 4. Nxd4 Nc6 5. Nc3 Qc7 6. f4 Nxd4 7. Qxd4 b6 8. Be3 Nf6 9. Be2 Bb7 10. 0-0-0 Rc8 11. Qd3 Bb4 12. Nb5 Qb8 13. Bf3 d5 14. Nd4 0-0 15. e5 Ne4 16. Kb1 Nc5 17. Qe2 Ba6 18. Qf2 Na4 19. Qg3 Qc7 20. f5 Rfe8 21. f6 g6 22. Qf4 Qc5 23. Qh6 Qf8 24. Qxf8+ Bxf8 25. h4 h6 26. g4 Nc5 27. Rhg1 Nd7 28. Bf4 Rc4 29. c3 b5 30. Be2 Ra4 31. b3 Ra3 32. Bc1 b4 33. Bxa3 Bxe2 34. Nxe2 bxa3 35. Nd4 Nxe5 36. g5 Rc8 37. Rg3 Bd6 38. gxh6 Nd7 39. Rf3 Be5 40. h5 g5 41. Ne2 Nxf6 42. Kc2 Ne4 43. h7+ Kg7 44. Nd4 g4 45. Re3 Kxh7 46. Rdd3 Kh6 47. b4 Bxd4 48. Rxd4 f5 49. Kb3 f4 50. Rexe4 dxe4 51. Rxe4 Rf8 52. c4 g3 53. Rxe6+ Kxh5 54. c5 g2 55. Re7 g1Q 56. Rh7+ Kg6 0-1

[Event "Canarias en Red prel 5th"]
[Site "Playchess.com INT"]
[Date "2004.05.07"]
[Round "2"]
[White "Haie, Arnaud"]
[Black "Loxine, Jakov"]
[Result "0-1"]
[WhiteElo "2094"]
[BlackElo "2194"]
[PlyCount "72"]
[EventDate "2004.05.07"]
[EventType "swiss (blitz)"]
[EventRounds "13"]
[EventCountry "GER"]
[SourceTitle "EXT 2005"]
[Source "ChessBase"]
[SourceDate "2004.11.15"]
[SourceVersion "1"]
[SourceVersionDate "2004.11.15"]
[SourceQuality "1"]

1. e4 Nc6 2. Nc3 g6 3. d4 Bg7 4. Be3 d6 5. f4 e5 6. d5 exf4 7. Bxf4 Ne5 8. Nf3 Qe7 9. Be2 Nf6 10. Nxe5 dxe5 11. Be3 0-0 12. 0-0 Ne8 13. Qd2 Nd6 14. Nb5 Nxe4 15. Qd3 Nd6 16. Bc5 a6 17. Nc3 f5 18. Rad1 b6 19. Ba3 e4 20. Qd2 Qe5 21. Na4 f4 22. c4 e3 23. Qd3 Bf5 24. Qb3 Rab8 25. Nc3 Rfe8 26. Qa4 Bd7 27. Qc2 Nf5 28. Qd3 Nd4 29. Rc1 Bf5 30. Qd1 Nxe2+ 31. Nxe2 g5 32. b3 h5 33. Nd4 Qxd4 34. Qxh5 e2+ 35. Rf2 e1Q+ 36. Rxe1 Rxe1# 0-1

[Event "Canarias en Red prel 1st"]
[Site "Playchess.com INT"]
[Date "2004.05.03"]
[Round "9"]
[White "Haie, Arnaud"]
[Black "Golubev, Mikhail"]
[Result "1/2-1/2"]
[WhiteElo "2094"]
[BlackElo "2527"]
[PlyCount "49"]
[EventDate "2004.05.03"]
[EventType "swiss (blitz)"]
[EventRounds "13"]
[EventCountry "GER"]
[SourceTitle "EXT 2005"]
[Source "ChessBase"]
[SourceDate "2004.11.15"]
[SourceVersion "1"]
[SourceVersionDate "2004.11.15"]
[SourceQuality "1"]

1. e4 c5 2. Nf3 d6 3. d4 cxd4 4. Nxd4 Nf6 5. Nc3 g6 6. Be3 Bg7 7. Bc4 0-0 8. f3 Nc6 9. Qd2 Bd7 10. 0-0-0 Rc8 11. Bb3 Nxd4 12. Bxd4 b5 13. Nd5 Nxd5 14. Bxd5 Bxd4 15. Qxd4 Rc5 16. e5 Qc7 17. c3 b4 18. Qxb4 Rb8 19. exd6 exd6 20. Qd4 a5 21. Rhe1 Bf5 22. Qf6 Rxd5 23. Rxd5 Qb7 24. Rd2 a4 25. Re7 1/2-1/2

[Event "Canarias en Red prel 1st"]
[Site "Playchess.com INT"]
[Date "2004.05.03"]
[Round "2"]
[White "Wegerle, Joerg"]
[Black "Haie, Arnaud"]
[Result "0-1"]
[WhiteElo "2382"]
[BlackElo "2094"]
[PlyCount "60"]
[EventDate "2004.05.03"]
[EventType "swiss (blitz)"]
[EventRounds "13"]
[EventCountry "GER"]
[SourceTitle "EXT 2005"]
[Source "ChessBase"]
[SourceDate "2004.11.15"]
[SourceVersion "1"]
[SourceVersionDate "2004.11.15"]
[SourceQuality "1"]

1. e4 c5 2. Nf3 Nc6 3. Nc3 g6 4. d4 cxd4 5. Nxd4 Bg7 6. Nb3 Nf6 7. Be2 0-0 8. 0-0 d6 9. Re1 Bd7 10. Bf1 a6 11. Nd5 Nxd5 12. exd5 Ne5 13. c3 Rc8 14. a4 Qb6 15. Be3 Qc7 16. a5 Nc4 17. Bxc4 Qxc4 18. Bb6 Ba4 19. Nd2 Bxd1 20. Nxc4 Bb3 21. Ne3 e5 22. dxe6 fxe6 23. Ra3 Bd5 24. Nxd5 exd5 25. Rd1 Rf5 26. Ra4 Rcf8 27. f3 Be5 28. h3 Bg3 29. Rad4 Re8 30. Rxd5 Rxd5 0-1

[Event "Paris Apsap op 52nd"]
[Site "Paris"]
[Date "2002.04.14"]
[Round "2"]
[White "Haie, Arnaud"]
[Black "Jablonski, Noham"]
[Result "0-1"]
[WhiteElo "1930"]
[BlackElo "2153"]
[PlyCount "93"]
[EventDate "2002.04.17"]
[EventType "swiss"]
[EventRounds "9"]
[EventCountry "FRA"]
[SourceTitle "EXT 2003"]
[Source "ChessBase"]
[SourceDate "2002.11.25"]
[SourceVersion "1"]
[SourceVersionDate "2002.11.25"]
[SourceQuality "1"]

1. e4 c5 2. Nf3 Nc6 3. d4 cxd4 4. Nxd4 Nf6 5. Nc3 g6 6. Be3 Bg7 7. f3 0-0 8. Bc4 Qb6 9. Qd2 Nxe4 10. fxe4 Bxd4 11. Bxd4 Qxd4 12. Qxd4 Nxd4 13. 0-0-0 Nc6 14. Nd5 Kg7 15. Bb5 e6 16. Ne3 Ne5 17. Nc4 Nxc4 18. Bxc4 a6 19. a4 Rb8 20. Rd6 b5 21. axb5 axb5 22. Be2 Bb7 23. Bf3 Bc6 24. Rhd1 Rb7 25. R1d3 Rc8 26. e5 Bxf3 27. gxf3 g5 28. b4 Rcc7 29. R6d4 Kg6 30. f4 g4 31. h3 h5 32. Kd2 f6 33. exf6 Kxf6 34. hxg4 hxg4 35. Re3 Rc4 36. Rxc4 bxc4 37. Kc3 d5 38. Re5 Rg7 39. Kd4 g3 40. Re1 g2 41. Rg1 Kf5 42. Ke3 Rg3+ 43. Kd4 Kxf4 44. b5 Kf3 45. Ke5 Kf2 46. Rxg2+ Rxg2 47. Kxe6 0-1